Statistics for Africa Continent Quiz

Click here to take the quiz!

General Stats

  • This quiz has been taken 35 times
  • The average score is 13 of 15

Answer Stats

QuestionAnswer% Correct
What is the most populated country in Africa?Nigeria
100%
What is the largest country in Africa?Algeria
97%
What is the major religion of North Africa?Islam
97%
What is the major religion of Southern Africa?Christianity
90%
What African country currently holds the Sinai peninsula?Egypt
90%
What is the only African country to be completely enclosed within another Africa country?Lesotho
90%
What is the largest island in Africa?Madagascar
90%
Which country is notorious for its pirates?Somalia
90%
What language does Northern Africa speak?Arabic
87%
What country is Timbuktu located in?Mali
87%
What is the smallest country in Africa?Seychelles
84%
What was the only African country never to be colonized?Ethiopia
81%
What is the tallest mountain in Africa?Mt. Kilimanjaro
81%
What French territory in Africa is nearby Mauritius?Reunion
71%
Which country did Madagascar once connect to?India
61%

Score Distribution

Percentile by Number Answered

Percent of People with Each Score

Your Score History

You have not taken this quiz